| 000 | 00842nam a2200205 i 4500 | ||
|---|---|---|---|
| 001 | 127832 | ||
| 003 | ES-MaACL | ||
| 005 | 20250809224837.0 | ||
| 007 | t| | ||
| 008 | 070214s1945 sp r ||||1| spa d | ||
| 100 | 1 |
_aRivas Santiago, Natalio, _d1865-1958 _997593 |
|
| 245 | 1 | 0 |
_aLuis López Ballesteros, gran ministro de Fernando VII _b: páginas inéditas de la Historia contemporánea de España / _cNatalio Rivas Santiago ; epílogo del doctor Gregorio Marañón [y Posadillo]. |
| 260 |
_aMadrid : _bMediterráneo, _c1945. |
||
| 300 |
_a232 p., 8 h., 44 lám. ; _c24 cm. |
||
| 600 | 1 | 7 |
_aLópez Ballesteros, Luis, _d1782-1853 _2 _9159687 |
| 651 | 4 |
_aEspaña- _xHistoria- _y1814-1833, Fernando VII _98248 |
|
| 700 | 1 |
_aMarañón, Gregorio, _d1887-1960 _976311 |
|
| 852 |
_aES-MaACL _jF-15106 _bR.21754 |
||
| 999 |
_c127832 _d127832 |
||